00530cam a22002174a 45000010009000000050017000090080041000260100017000670200015000840200015000990350023001140400035001370410008001720420008001800800010001880820014001981000007002121010008002192450017002275040068002441416303520180814051010.0051101s2007 njua b 001 0 eng  a 2005055287 a0131713272 a0130452416 a(OCoLC)ocm62326871 aDLCbengcDLCdYDXdBAKERdDLC aeng apcc a641.500a641.52221 a10 aNUT10aOn cooking : aIncludes bibliographical references (p. [1337]-1342) and index.